Statistiques concernant Introduction à la science politique 1

Cliquez ici pour prendre le quiz!

Statistiques générales

  • Ce quiz a été pris 29 fois
  • Le résultat moyen est 16 sur 40

Statistiques - réponses

QuestionRéponse% Correct
Un conflit politique est-il toujours pacifique ?Non, peut-être aussi violent
82%
Les médias sont-ils une source d'opposition ?Oui
73%
Existe-t-il d'autres sources d'oppositions ?Oui (Rue, manifestation, opinions publiques, associations...)
73%
Quel est le problème de la vérification expérimentale ?Certains phénomènes sociaux ne peuvent être reproduits en laboratoire. On ne peut que les observer dans le passé, présent . Observer la prise de décision.
68%
Le parlement est-il une source d'opposition ?Oui
68%
Pour Machiavel la violence dans un régime est-elle une mauvaise chose ?Non
64%
Combien de définitions au mot politique est/sont possible ?Plusieurs
64%
Que signifie les politiques (policies) ?Signifie les politiques publiques (découpage d'un secteur pour observer les décisions prises et appliquées.)
64%
Quel était le slogan de mai 1968 ?Tout est politique
64%
De qui est cette citation "En politique le choix est rarement entre le bien et le mal, mais entre le pire et le moindre mal" ?Machiavel
59%
Qu'est-ce que la politisation ?Lorsque des acteurs qui se mobilisent pour formuler un problème concernant la vie en commun et donne lieu à des décisions politiques.
55%
La politique (Politics) est-elle source de compétition ?Oui
55%
De qui est cette citation "L'Homme est un animal politique fait pour vivre en société" ?Aristote
50%
Que signifie le Politique (Polity) ?Evoque quelque chose qui surplombe l'ensemble des secteurs de la société.
50%
Quel est le nom de l'ouvrage publié par MachiavelLe Prince
50%
Dans la Conférence "Les savants ou les politiques" de Max Weber, ce dernier considère que le mot politique est :Un mot qui a pleins de connotations
50%
A partir de quand est employé le terme de politologue ?Après 1945
45%
"La science est une manière de produire du savoir par " : la vérification expérimentale, qu'est-ce que cela signifie ?"La science doit pouvoir reproduire au sein d'expérimentation les choses que l'on tente d'expliquer"
41%
De qui est cette citation "Il est plus sûr d'être craint que d'être aimé"Machiavel
41%
Pour Machiavel existe-t-il des bons régimes ?Non
41%
"La science est une manière de produire du savoir par " : la distanciation, que signifie ce mot ?Description sans jugement de valeur décroché de la religion
36%
Quel est le point de vue de Aristote sur la manière d'obtenir le meilleur régime possible ?Tente d'imposer une façon de faire en partant d'un idéal
36%
"La science est une manière de produire du savoir par " : la systématisation, qu'est-ce que cela signifie ?vise à théoriser l'ensemble des lois expliquant les différentes théories observées après reproductions en laboratoire.
36%
Quel est le point de vue de Machiavel sur la science politique ?La science politique ne veut pas dire grand chose et implique du scepticisme. Etudier la politique est une pratique plus proche de l'art.
32%
De qui est cette citation "La philosophie est la servante de la théologie" ?Saint Thomas d'Aquin
32%
D'où vient le grec Politikos ?Vient du grec Polis qui signifie la cité, la vie en commun
32%
Quand a été créer l'Association Française de Science politique (AFSP) ?1949
27%
Que signifie un politologue ?Celui qui commente la politique dans les médias
27%
Selon la théorie de Karl Popper La science est caractériser par la faillibilité, la falsifiabilité et l'indétermination. Que signifie l'indétermination ?L'humanité ne disposera jamais de toutes les connaissances avec une certitude absolue.
27%
Quand a été crée la revue de Science politique ?1951
23%
Que signifie un politiste ?Celui ayant un rapport scientifique avec la politique
23%
"La science est une manière de produire du savoir par " : la construction d'hypothèses, qu'est-ce que cela signifie ?Emission d'hypothèses explicatives en se concentrant sur les données
23%
Quel est le point de vue de Platon sur la manière d'obtenir le meilleur régime possible ?Tente d'imposer une façon de faire en partant d'un idéal
23%
Quelle est l'année de publication de l'ouvrage de Machiavel ?1513
18%
Quand à été crée Sciences Po Paris ?1945
18%
Selon la théorie de Karl Popper La science est caractériser par la faillibilité, la falsifiabilité et l'indétermination. Que signifie la faillibilité ?La science est un processus inachevé avec productions d'erreurs. Les énoncés politiques = vérités provisoires qui visent à être corrigé par les générations futures. conception cyclique.
18%
A partir de quand les partis politiques sont-ils apparus ?1880
14%
Selon la théorie de Karl Popper La science est caractériser par la faillibilité, la falsifiabilité et l'indétermination. Que signifie la falsifiabilité ?Critère de la science est le probable. Toutes conceptions politiques doivent êtres misent en doute. N'existe pas d'unique vérité.
9%
De qui est cette citation : "C'est la caractéristique majeur de la collectivité tout entière puisqu'il est le seul à pouvoir contraindre les individus à respecter les règles de la vie en communauté"Raymond Aron
5%
De qui est cette citation : "La politique c'est l'art d'empêcher les gens de se mêler de ce qui les regarde, elle est devenue l'art de les interroger sur ce qu'ils ignorent."Paul Valery
0%

Distribution des résultats

Percentile par nombre de réponses

% des personnes avec chaque résultat

Votre développement - résultats

Vous n’avez pas pris ce quiz